000 00380nam a22001097a 4500
082 _a294
100 _aशर्मा, विक्रम
_980820
245 _aभगवान परशुराम पुराण
260 _aदिल्‍ली
_bकल्‍पना प्रकाशन
_c२०१८
650 _aहिन्‍दू धर्म
_971828
942 _cBK
999 _c64062
_d64062